| 000 | 00317cam a22001217a 4500 | ||
|---|---|---|---|
| 008 | 180718b1976 xxu||||| |||| 00| 0 eng d | ||
| 082 | _aQ45x54 K638 | ||
| 100 | _aKirpal, Prem | ||
| 245 |
_aYouth and established culture _cby Prem Kirpal |
||
| 260 |
_aDelhi _bSterling _c1976 |
||
| 300 | _a96p. | ||
| 650 | _aYouth - India | ||
| 999 |
_c348246 _d348246 |
||